00471cam a22001814a 45000010009000000050017000090080041000260100017000670200015000840400018000990410008001170420008001250800011001331000007001441010008001512450064001595040066002231409773220180207074126.0050818s2006 cauag 001 0 eng  a 2005544521 a0534619622 aDLCcDLCdDLC aeng apcc a78 WRI1 a45 aMUZ10aMusic in western civilization /cCraig Wright, Bryan Simms. aIncludes bibliographical references (p. [789]-790) and index.